<?xml version="1.0" encoding="UTF-8"?>
<record
    xmlns:xsi="http://www.w3.org/2001/XMLSchema-instance"
    xsi:schemaLocation="http://www.loc.gov/MARC21/slim http://www.loc.gov/standards/marcxml/schema/MARC21slim.xsd"
    xmlns="http://www.loc.gov/MARC21/slim">

  <leader>01916nam0a22003611  4500</leader>
  <controlfield tag="001">v19\rc\2111107</controlfield>
  <controlfield tag="005">20260405135626.0</controlfield>
  <datafield tag="035" ind1=" " ind2=" ">
    <subfield code="a">(NLR Aleph) 005182069</subfield>
  </datafield>
  <datafield tag="090" ind1=" " ind2=" ">
    <subfield code="a">5139520</subfield>
    <subfield code="c">5139520</subfield>
  </datafield>
  <datafield tag="100" ind1=" " ind2=" ">
    <subfield code="a">20090914d1819    |||y0rusy50      ca</subfield>
  </datafield>
  <datafield tag="101" ind1="0" ind2=" ">
    <subfield code="a">rus</subfield>
  </datafield>
  <datafield tag="102" ind1=" " ind2=" ">
    <subfield code="a">RU</subfield>
  </datafield>
  <datafield tag="105" ind1=" " ind2=" ">
    <subfield code="a">y z |||||</subfield>
  </datafield>
  <datafield tag="200" ind1="1" ind2=" ">
    <subfield code="a">&#x41E;&#x43F;&#x44B;&#x442; &#x441;&#x435;&#x43B;&#x44C;&#x441;&#x43A;&#x430;&#x433;&#x43E; &#x443;&#x441;&#x442;&#x430;&#x432;&#x430; &#x434;&#x43B;&#x44F; &#x43F;&#x43E;&#x43C;&#x435;&#x449;&#x438;&#x447;&#x44C;&#x44F;&#x433;&#x43E; &#x438;&#x43C;&#x435;&#x43D;&#x438;&#x44F;, &#x441;&#x43E;&#x441;&#x442;&#x43E;&#x44F;&#x449;&#x430;&#x433;&#x43E; &#x43D;&#x430; &#x43E;&#x431;&#x440;&#x43E;&#x43A;&#x435;</subfield>
  </datafield>
  <datafield tag="210" ind1=" " ind2=" ">
    <subfield code="a">&#x421;&#x430;&#x43D;&#x43A;&#x442;&#x43F;&#x435;&#x442;&#x435;&#x440;&#x431;&#x443;&#x440;&#x433;</subfield>
    <subfield code="c">&#x432; &#x442;&#x438;&#x43F;&#x43E;&#x433;&#x440;&#x430;&#x444;&#x438;&#x438; &#x41D;. &#x413;&#x440;&#x435;&#x447;&#x430;</subfield>
    <subfield code="d">1819</subfield>
  </datafield>
  <datafield tag="215" ind1=" " ind2=" ">
    <subfield code="a">16 &#x441;.</subfield>
    <subfield code="d">8&#xB0; (20 &#x441;&#x43C;)</subfield>
  </datafield>
  <datafield tag="300" ind1=" " ind2=" ">
    <subfield code="a">&#x412; &#x43A;&#x43E;&#x43D;&#x446;&#x435; &#x43F;&#x440;&#x435;&#x434;&#x438;&#x441;&#x43B;. &#x430;&#x432;&#x442;.: &#x427;&#x43B;&#x435;&#x43D; &#x440;&#x430;&#x437;&#x43D;&#x44B;&#x445; &#x443;&#x447;&#x435;&#x43D;&#x44B;&#x445; &#x43E;&#x431;&#x449;&#x435;&#x441;&#x442;&#x432; &#x438; &#x43F;&#x440;&#x430;&#x432;&#x438;&#x442;&#x435;&#x43B;&#x44C; &#x434;&#x435;&#x43B; &#x424;&#x438;&#x43B;&#x43E;&#x442;&#x435;&#x445;&#x43D;&#x438;&#x447;&#x435;&#x441;&#x43A;&#x430;&#x433;&#x43E;, &#x441;&#x442;&#x430;&#x442;&#x441;&#x43A;&#x438;&#x439; &#x441;&#x43E;&#x432;&#x435;&#x442;&#x43D;&#x438;&#x43A; &#x438; &#x43A;&#x430;&#x432;&#x430;&#x43B;&#x435;&#x440; &#x412;&#x430;&#x441;&#x438;&#x43B;&#x438;&#x439; &#x41A;&#x430;&#x440;&#x430;&#x437;&#x438;&#x43D;. &#x41E;&#x43A;&#x442;&#x44F;&#x431;&#x440;&#x44F; 29 &#x434;&#x43D;&#x44F; 1819 &#x433;&#x43E;&#x434;&#x430;.</subfield>
  </datafield>
  <datafield tag="300" ind1=" " ind2=" ">
    <subfield code="a">&#x41E;&#x43F;&#x443;&#x431;&#x43B;. &#x442;&#x430;&#x43A;&#x436;&#x435; &#x432; &#x436;&#x443;&#x440;&#x43D;. "&#x423;&#x43A;&#x440;&#x430;&#x438;&#x43D;&#x441;&#x43A;&#x438;&#x439; &#x432;&#x435;&#x441;&#x442;&#x43D;&#x438;&#x43A;" &#x43F;&#x43E;&#x434; &#x437;&#x430;&#x433;&#x43B;.: &#x412;&#x440;&#x435;&#x43C;&#x44F;&#x43D;&#x43D;&#x44B;&#x439; &#x443;&#x441;&#x442;&#x430;&#x432; &#x441;&#x435;&#x43B;&#x44C;&#x446;&#x430; &#x410;&#x43D;&#x430;&#x448;&#x43A;&#x438;&#x43D;&#x430; &#x441; &#x434;&#x435;&#x440;&#x435;&#x432;&#x43D;&#x44F;&#x43C;&#x438;. - 1818. - &#x427;. 10, &#x43C;&#x430;&#x439;. - &#x421;. 231-242</subfield>
  </datafield>
  <datafield tag="321" ind1="1" ind2=" ">
    <subfield code="a">&#x421;&#x41A; 1801-1825 3382</subfield>
  </datafield>
  <datafield tag="488" ind1=" " ind2="0">
    <subfield code="1">2001#$a&#x423;&#x43A;&#x440;&#x430;&#x438;&#x43D;&#x441;&#x43A;&#x438;&#x439; &#x432;&#x435;&#x441;&#x442;&#x43D;&#x438;&#x43A;$h&#x427;. 10, &#x43C;&#x430;&#x439;</subfield>
    <subfield code="1">210##$d1818</subfield>
    <subfield code="1">215##$a&#x421;. 231-242</subfield>
    <subfield code="t">&#x423;&#x43A;&#x440;&#x430;&#x438;&#x43D;&#x441;&#x43A;&#x438;&#x439; &#x432;&#x435;&#x441;&#x442;&#x43D;&#x438;&#x43A;</subfield>
  </datafield>
  <datafield tag="517" ind1="1" ind2=" ">
    <subfield code="a">&#x412;&#x440;&#x435;&#x43C;&#x44F;&#x43D;&#x43D;&#x44B;&#x439; &#x443;&#x441;&#x442;&#x430;&#x432; &#x441;&#x435;&#x43B;&#x44C;&#x446;&#x430; &#x410;&#x43D;&#x430;&#x448;&#x43A;&#x438;&#x43D;&#x430; &#x441; &#x434;&#x435;&#x440;&#x435;&#x432;&#x43D;&#x44F;&#x43C;&#x438;</subfield>
  </datafield>
  <datafield tag="518" ind1="1" ind2=" ">
    <subfield code="a">&#x41E;&#x43F;&#x44B;&#x442; &#x441;&#x435;&#x43B;&#x44C;&#x441;&#x43A;&#x43E;&#x433;&#x43E; &#x443;&#x441;&#x442;&#x430;&#x432;&#x430; &#x434;&#x43B;&#x44F; &#x43F;&#x43E;&#x43C;&#x435;&#x449;&#x438;&#x447;&#x44C;&#x435;&#x433;&#x43E; &#x438;&#x43C;&#x435;&#x43D;&#x438;&#x44F;, &#x441;&#x43E;&#x441;&#x442;&#x43E;&#x44F;&#x449;&#x435;&#x433;&#x43E; &#x43D;&#x430; &#x43E;&#x431;&#x440;&#x43E;&#x43A;&#x435;</subfield>
  </datafield>
  <datafield tag="620" ind1=" " ind2=" ">
    <subfield code="d">&#x421;&#x430;&#x43D;&#x43A;&#x442;-&#x41F;&#x435;&#x442;&#x435;&#x440;&#x431;&#x443;&#x440;&#x433;</subfield>
  </datafield>
  <datafield tag="700" ind1=" " ind2="1">
    <subfield code="4">570</subfield>
    <subfield code="8">rus</subfield>
    <subfield code="7">ca</subfield>
    <subfield code="a">&#x41A;&#x430;&#x440;&#x430;&#x437;&#x438;&#x43D;</subfield>
    <subfield code="b">&#x412;. &#x41D;.</subfield>
    <subfield code="f">1773-1842</subfield>
    <subfield code="g">&#x412;&#x430;&#x441;&#x438;&#x43B;&#x438;&#x439; &#x41D;&#x430;&#x437;&#x430;&#x440;&#x43E;&#x432;&#x438;&#x447;</subfield>
    <subfield code="3">RU\NLR\AUTH\7755993</subfield>
    <subfield code="9">38925</subfield>
  </datafield>
  <datafield tag="801" ind1=" " ind2="0">
    <subfield code="a">RU</subfield>
    <subfield code="b">NLR</subfield>
    <subfield code="g">psbo</subfield>
  </datafield>
  <datafield tag="801" ind1=" " ind2="1">
    <subfield code="a">RU</subfield>
    <subfield code="b">ProSoft-M</subfield>
    <subfield code="2">rusmarc</subfield>
  </datafield>
  <datafield tag="801" ind1=" " ind2="2">
    <subfield code="a">RU</subfield>
    <subfield code="b">NLR</subfield>
    <subfield code="c">20151109</subfield>
    <subfield code="2">rusmarc</subfield>
  </datafield>
  <datafield tag="852" ind1=" " ind2=" ">
    <subfield code="a">NLR</subfield>
    <subfield code="j">138/911</subfield>
  </datafield>
  <datafield tag="852" ind1=" " ind2=" ">
    <subfield code="a">NLR</subfield>
    <subfield code="j">18.100.2.393</subfield>
  </datafield>
  <datafield tag="942" ind1=" " ind2=" ">
    <subfield code="c">BOOK</subfield>
  </datafield>
  <datafield tag="980" ind1=" " ind2=" ">
    <subfield code="a">NB</subfield>
  </datafield>
  <datafield tag="980" ind1="9" ind2=" ">
    <subfield code="a">kprsl</subfield>
  </datafield>
  <datafield tag="995" ind1=" " ind2=" ">
    <subfield code="5">2013-10-26</subfield>
    <subfield code="b">NLR02</subfield>
    <subfield code="c">NLR02</subfield>
    <subfield code="e">RFS</subfield>
    <subfield code="f">5182069-10</subfield>
    <subfield code="k">18.100.2.393</subfield>
    <subfield code="o">0</subfield>
    <subfield code="r">BOOK</subfield>
    <subfield code="s">181002393_</subfield>
  </datafield>
  <datafield tag="995" ind1=" " ind2=" ">
    <subfield code="5">2013-10-26</subfield>
    <subfield code="b">NLR02</subfield>
    <subfield code="c">NLR02</subfield>
    <subfield code="e">RFS</subfield>
    <subfield code="f">5182069-20</subfield>
    <subfield code="k">138/911</subfield>
    <subfield code="o">0</subfield>
    <subfield code="r">BOOK</subfield>
    <subfield code="s">138911_</subfield>
  </datafield>
</record>
